Antropología política y gestión local en la Costa Rica contemporánea /
El ensayo propone una renovación teórica y metodológica para la Antropología Política, basada en nuestro propio contexto histórico, económico y sociocultural, con el propósito de promover la autodeterminación y la autogestión local sustentable
Salvato in:
| Autore principale: | |
|---|---|
| Natura: | testo |
| Soggetti: | |
| Tags: |
Aggiungi Tag
Nessun Tag, puoi essere il primo ad aggiungerne!!
|
MARC
| LEADER | 00000 a a2200000 04500 | ||
|---|---|---|---|
| 001 | 14474 | ||
| 003 | |||
| 040 | |||
| 100 | |a Montero Mora, Freddy Mauricio | ||
| 245 | |a Antropología política y gestión local en la Costa Rica contemporánea / |c Freddy Mauricio Montero Mora | ||
| 500 | |a Resumen también en Inglés | ||
| 520 | |a El ensayo propone una renovación teórica y metodológica para la Antropología Política, basada en nuestro propio contexto histórico, económico y sociocultural, con el propósito de promover la autodeterminación y la autogestión local sustentable | ||
| 650 | |a ANTROPOLOGIA | ||
| 650 | |a POLITICA CULTURAL | ||
| 650 | |a GOBIERNO LOCAL | ||
| 650 | |a PODER DE LA COMUNIDAD | ||
| 773 | |g número 103 -104 (I -II); páginas 83-92 | ||
| 999 | |c 21683 |d 21683 | ||
| 773 | 0 | |0 18728 |9 3035 |a Universidad de Costa Rica |d San José, Costa Rica Editorial UCR 1956- |o 18151 |t Revista de Ciencias Sociales/ |x 04825276 | |
